Poeti del '900

-д хадгалсан:
Номзүйн дэлгэрэнгүй
Үндсэн зохиолч: Spagnoletti, Giacinto (Зохиогч)
Формат: Ном
Хэл сонгох:итали
Хэвлэсэн: Verona Scolastiche Mondadori 1973
Хэвлэл:12a. ed
Нөхцлүүд:
Шошгууд: Шошго нэмэх
Шошго байхгүй, Энэхүү баримтыг шошголох эхний хүн болох!

MARC

LEADER 00000nam a2200000 a 4500
001 UCO5470
003 CL-VaPUC
008 000901e19730000IT |||||||||||||||||ita|d
082 0 4 |a 851.09  |b SPA  |2 21 
100 0 |a Spagnoletti, Giacinto  |e author  |9 450197 
245 1 0 |a Poeti del '900 
250 |a 12a. ed 
300 |a 395 p 
942 |c BK 
945 |d 20000901 00:00:00  |a crobeson 
260 |a Verona  |b Scolastiche Mondadori  |c 1973 
650 7 |a POESIA ITALIANA  |2 CL-VaPUC  |9 336930 
650 0 |a Literatura italiana  |9 266970 
650 0 |a Historia y crítica   |9 257407 
583 |a last modification  |c 20000901 00:00:00  |k Rodrigo Vera 
999 |c 291328  |d 291326 
952 |0 0  |1 0  |4 0  |6 851_090000000000000_SPA_1973  |7 0  |8 A  |9 341147  |a BIBART  |b BIBART  |d 2019-11-20  |i 1220683  |o 851.09 SPA 1973  |p 1220683  |r 2025-03-13  |w 2019-11-20  |y BK  |k ART